| 000 | 01371nam a22003377a 4500 | ||
|---|---|---|---|
| 005 | 20260306165641.0 | ||
| 008 | 260306b ||||| |||| 00| 0 eng d | ||
| 020 | _a9786289560268 (2a.Ed.) | ||
| 040 |
_aCO-BoUCM _bspa _cSandra Palacio _dSandra Palacio |
||
| 041 | _aspa | ||
| 060 | _aWI 800 | ||
| 100 |
_aAponte Martín, Diego Mauricio _989724 |
||
| 245 |
_aTratado de pancreatología _bActualizado _cDiego Mauricio Aponte Martín, Jhon Carvajal Gutiérrez, Gabriel Mosquera Klinger, Juan David Linares Ramírez Y Robin Germán Prieto Ortiz |
||
| 260 |
_aBogotá, Colombia _bAsociación Colombiana de Gastroenterología _c2026 |
||
| 300 | _a800 páginas | ||
| 650 |
_aPancreatología _vtratado _9188241 |
||
| 650 |
_aPancreatitis _921032 |
||
| 653 | _aPancreatitis aguda | ||
| 653 | _aPancreatitis crónica | ||
| 653 | _aPancreatitis autoinmune | ||
| 653 | _aCáncer de pancreas | ||
| 653 | _aTumores quísticos del pancreas | ||
| 700 |
_aCarvajal Gutiérrez, Jhon _9188242 |
||
| 700 |
_aMosquera Klinger, Gabriel _9188243 |
||
| 700 |
_aLinares Ramírez, Juan David _9188244 |
||
| 700 |
_aPrieto Ortiz, Robin Germán _9188245 |
||
| 710 |
_aAsociación Colombiana de Gastroenterología _9188246 |
||
| 710 |
_aOrganización Panamericana de Gastroenterología _9188247 |
||
| 710 |
_aUnisanitas _9188248 |
||
| 942 |
_2NLM _a26 _cLIBRO _e1 _hWI 800 _mP188tp |
||
| 999 |
_c326155 _d326155 |
||